Development of informal economy : (Record no. 139184)

MARC details
000 -LEADER
fixed length control field 00652nam a22001817a 4500
005 - DATE AND TIME OF LATEST TRANSACTION
control field 20170421124657.0
010 ## - LCCN (DPL NO)
LC control number ENG-117906
020 ## - INTERNATIONAL STANDARD BOOK NUMBER
Terms of availability 980.00
International Standard Book Number 9788184845754
035 ## - SYSTEM CONTROL NUMBER
System control number EN-101438
037 ## - SOURCE OF ACQUISITION
Source of stock number/acquisition DBAD/PUB
245 ## - TITLE STATEMENT
Title Development of informal economy :
Statement of responsibility, etc edited by Bharti Pandey [and] Subodh Kumar Sinha
Remainder of title problems and challenges/
260 ## - PUBLICATION, DISTRIBUTION, ETC. (IMPRINT)
Place of publication, distribution, etc New Delhi
Name of publisher, distributor, etc Rahul Composers
Date of publication, distribution, etc 2016
270 ## - ADDRESS
Address New Highway Apartments, Lakshmi Niwas 760,Pocket-D, Lok Nayak Puram,
City New Delhi
Postal code 110041
300 ## - PHYSICAL DESCRIPTION
Extent xv,220p.:
Dimensions 22cm(Hb)
Other physical details ill.
500 ## - GENERAL NOTE
General note includes index
700 ## - ADDED ENTRY--PERSONAL NAME
Personal name Sinha,Subodh Kumar
942 ## - ADDED ENTRY ELEMENTS (KOHA)
Source of classification or shelving scheme Dewey Decimal Classification
Item type English Books
Classification part 338.6420954
Call number suffix DEV
Holdings
Withdrawn status Lost status Not for loan Collection code Home library Current library Date acquired Source of acquisition Cost, normal purchase price Full call number Barcode Copy number Cost, replacement price Koha item type
    Not For Loan Non-fiction D.B.Act.Division Bawana 21/04/2017 DBAD/PUB. 980.00 338.6420954 DEV EN-101438 1 980.00 English Books

© Delhi Public Library
Hit Counter
free hit counter